| 000 | 00717nam a22002297a 4500 | ||
|---|---|---|---|
| 005 | 20170124110201.0 | ||
| 010 | _aB-061657 | ||
| 020 |
_a0070447217 _c00.00 |
||
| 035 | _aB-061657 | ||
| 037 | _bCen Lib/Ret | ||
| 040 |
_aDPL _bEN |
||
| 082 |
_a005.43 _bVES |
||
| 100 |
_aVesterli, Sten E. _936057 |
||
| 245 |
_aOracle web applications 101 / _cby Sten E. Vesterli |
||
| 260 |
_aNew Delhi _bTata McGraw Hill Publishing Company _c2001 |
||
| 270 |
_a7 west patel nagar _bNew Delhi _e110008 |
||
| 300 |
_axxiv, 496p. _c25cm(Hb) |
||
| 500 | _aIncludes index | ||
| 650 |
_aComputer software -- Development. _937160 |
||
| 650 |
_aOracle (Computer file) _972741 |
||
| 942 |
_2ddc _cEN _h005.43 _mVES |
||
| 999 |
_c132891 _d132891 |
||